1639 1971 1646 1878 1624 1643 1853 1612 1901 1358 1856 1632 1493 1024 1093 1374 1564 1468 1831 1892 1983 1019 1722 1865 1528 1968 1175 1012 1016 1506 1610 1843 1225 1383 1657 1512 1810 1474 1162 1155 1562 1074 1722 1405 1123 1849 1792 1908 1001 1073 1566 1298 1116 1908 1111 1970 1185 1410 1130 1646 1726 1988 1185 1535 1185 1846 1193 1127 1917 1589 1097 1702 1603 1190 1928 1988 1331 1171 1871 1704 1313 1807 1694 1817 1969 1639 1965 1348 1452 1300 1374 1033 1262 1220 1910 1188 1474 1730 1930 BCNSPRNW ULIB Ver.6.0+V

เปลี่ยนเป็นภาษาไทย

Change to English
 แสดงรายละเอียดบรรณานุกรม
  กลับหน้าหลัก

Brief Record : Get Marc (ISO 2709) : E-mail record : QR code < ปิดหน้าต่าง
LEADER : 00000nam 2200000uu 4500
001    13399124655
003     ULIB
008    151116s2002||||th 000 0 eng d
020    ^a9740426549
099    ^aวพ.QZ275^bS959F2
100 0  ^aSupawan Pimpayorm
245 10 ^aFactors related to fatigue in leukemic children receiving chemotherapy =^bปัจจัยที่เกี่ยวข้องกับความอ่อนล้าของเด็กป่วยโรคมะเร็งเม็ดเลือดขาวที่ได้รับการรักษาด้วยเคมีบำบัด /^cSupawan Pimpayorm
246 31 ^aปัจจัยที่เกี่ยวข้องกับความอ่อนล้าของเด็กป่วยโรคมะเร็งเม็ดเลือดขาวที่ได้รับการรักษาด้วยเคมีบำบัด
260    ^aBangkok :^bMahidol University,^c2002
300    ^aix, 107 leaves ;^c30 cm.
500    ^aSend to Single Search
502    ^aThesis (M.N.S. (Pediatric Nursing))--Mahidol University,2002
610 20 ^aMahidol University^xDissertations
610 20 ^aMahidol University. ^bFaculty of Medicine RamathibodiHospital^xDissertations
650  2 ^aDrug Therapy
650  2 ^aFatigue
650  2 ^aLeukemia^xdrug therapy
650  2 ^aLeukemia^xin infancy & childhood
691    ^aM.N.S. (2002)
692    ^aPediatric Nursing (Mahidol University 2002)
700 0  ^aWilai Leesuwan,^eths.
700 0  ^aAutchareeya Patoomwan,^eths.
710 2  ^aMahidol University
710 2  ^aMahidol University. ^bFaculty of Medicine RamathibodiHospital
710 22 ^aMahidol University.^tThesis
710 22 ^aมหาวิทยาลัยมหิดล.^tวิทยานิพนธ์
945    ^p0^l0^i000194
999    ^aเกษร โพธิ์สุวรรณ
รายการนี้ยังไม่มีแท็ก
คุณยังไม่ได้ล็อกอิน คุณสามารถมีกิจกรรมร่วมกับเว็บไซต์ได้ แต่ต้องล็อกอินก่อน ::
  ล็อกอิน

รายการสื่อสารสนเทศ

ลำดับที่ ประเภท เลขเรียก/บาร์โค้ด สถานที่ สถานะ
1. วิทยานิพนธ์
วิทยานิพนธ์
วพ.QZ275 S959F2 ฉ.1 
  Barcode: 000194
ห้องสมุดวิทยาเขตสวรรค์ประชารักษ์
►วิจัย
บนชั้น

รายการใกล้เคียง
    หัวเรื่อง [Drug Therapy]
    หัวเรื่อง [Fatigue]

BibComment


ยังไม่เคยถูกคอมเมนท์

คอมเมนท์ทรัพยากรรายการนี้
  คอมเมนท์: Factors related ..


 Copyright 2026. Bcnsprnw @Library